Korea environmental performance reviews

Guardado en:
Detalles Bibliográficos
Formato: Libro
Lenguaje:inglés
Publicado: Paris OECD 1997
Materias:
Etiquetas: Agregar Etiqueta
Sin Etiquetas, Sea el primero en etiquetar este registro!

MARC

LEADER 00000nam a2200000 4500
001 c119252
005 20221124073612.5
020 |a 92-64-15558-9 
041 0 |a eng 
044 |a FR 
245 1 0 |a Korea  |b environmental performance reviews 
264 1 |a Paris  |b OECD  |c 1997 
300 |a 195 s. 
610 2 0 |a politika environmentálna 
610 2 0 |a ochrana ovzdušia 
610 2 0 |a emisie 
610 2 0 |a vodohospodárstvo 
610 2 0 |a politika ekologická 
610 2 0 |a energetika 
610 2 0 |a energia 
610 2 0 |a ochrana prostredia životného 
610 2 0 |a znečistenie ovzdušia 
610 2 0 |a znečistenie vôd 
610 2 0 |a Južná Kórea